Wings of Fire Characters by Picture - Statistics

General Stats
  • This quiz has been taken 144 times
  • The average score is 19 of 28
Answer Stats
Picture Answer % Correct
Thorn
94%
Sunny
91%
Anemone
88%
Dune
88%
Princess Ruby
88%
Turtle
87%
Starflight
83%
Tsunami
83%
Icicle
82%
Rose
77%
Blue
75%
Webs
75%
Leaf
74%
Winter
74%
Lynx
71%
Queen Coral
69%
Flame
68%
Fruitbat
68%
Bumblebee
66%
Snowfall
66%
Clay
59%
Glacier
56%
Hailstorm
52%
Snowfox
51%
Glory
42%
Daffodil
38%
Firefly
26%
Auklet
24%
No matching quizzes found
Score Distribution
Percent of People with Each Score
Percentile by Number Answered
Your Score History
You have not taken this quiz